Melhores times no Ranking da UEFA - Statistics

Estatísticas Gerais
  • Esse quiz foi jogado 96 vezes
  • A pontuação média é 19 de 20
Estatísticas das Respostas
País Inicial Resposta % Correto
Espanha A Atlético de Madrid
100%
Espanha B Barcelona
100%
Alemanha B Bayer Leverkusen
100%
Portugal B Benfica
100%
Itália I Internazionale
100%
Inglaterra M Manchester City
100%
França P Paris Saint-Germain
100%
Espanha R Real Madrid
100%
Inglaterra A Arsenal
99%
Alemanha B Bayern de Munique
99%
Alemanha B Borussia Dortmund
99%
Inglaterra L Liverpool
97%
Inglaterra C Chelsea
96%
Inglaterra M Manchester United
96%
Holanda P PSV
94%
Itália R Roma
94%
Portugal S Sporting
94%
Bélgica C Club Brugge
78%
Itália A Atalanta
77%
Alemanha E Eintracht Frankfurt
76%
Nenhum quiz correspondente encontrado
Distribuição das Pontuações
Porcentagem de Pessoas com Cada Pontuação
Percentil de Números Respondidos
Sua Pontuação Histórica
Você não jogou esse quiz